000 00643nam a2200217Ia 4500
005 20250508162324.0
008 008 250505s9999 xx 000 0 eng d
020 _a0-12-620650-3
037 _aTextBook
040 _aFEDL
_beng
_cFEDL
041 _aeng
_2eng
084 _a153, SCA
_qFEDL
100 _aScandura Joseph M
245 0 _aProblem solving : A structural/process approach with instructional implications
260 _aNew York, USA
_bAcademic Press
_c1977
300 _ax,591p
365 _aUSD
_b27.5
650 _aProblem Solving; Psychometrics
_9772855
942 _cTB
_h153, SCA
999 _c1375828
_d1375828